000 00516cam a22001934a 4500
020 _a9780670020317
041 _aENG
082 0 0 _a294.5
_bDON
100 1 _aDoniger, Wendy.
245 1 4 _aThe Hindus : an alternative history
260 _aNew York :
_bPenguin Press,
_cc2009.
300 _a779 p. :
_bill., maps ;
650 0 _aHinduism
650 0 _aWomen in Hinduism
650 0 _aPariahs in Hinduism
650 0 _aHinduism
856 4 1 _uhttp://www.loc.gov/catdir/toc/ecip0828/2008041030.html
942 _cBK
999 _c22624
_d22624